Land Productivity in the EU in the Context of Financial Support through direct Subsidies

Hlavným výskumným cieľom tejto štúdie je prezentovať dynamiku zmien produktivity pôdy v poľnohospodárstve EÚ v rokoch 2012–2020 a zhodnotiť vplyv priamych dotácií získaných farmármi na produktivitu pôdy. Zdrojové údaje za roky 2012 – 2020 sú sekundárne a pochádzajú z Eurostatu. Výsledky výskumu boli...

Ausführliche Beschreibung

Gespeichert in:
Bibliographische Detailangaben
1. Verfasser: Kutkowska, Barbara
Weitere Verfasser: Szuk, Tomasz, Minta, Stanislaw, Adamska, Hanna
Format: Buchkapitel
Sprache:Englisch
Schlagworte:
Tags: Tag hinzufügen
Keine Tags, Fügen Sie das erste Tag hinzu!

MARC

LEADER 00000naa a2200000 4500
001 0305108
005 20241114140535.6
041 0 |a eng 
044 |a CZ 
245 1 0 |a Land Productivity in the EU in the Context of Financial Support through direct Subsidies  |c Barbara Kutkowska, Tomasz Szuk, Stanislaw Minta, Hanna Adamska 
520 |a Hlavným výskumným cieľom tejto štúdie je prezentovať dynamiku zmien produktivity pôdy v poľnohospodárstve EÚ v rokoch 2012–2020 a zhodnotiť vplyv priamych dotácií získaných farmármi na produktivitu pôdy. Zdrojové údaje za roky 2012 – 2020 sú sekundárne a pochádzajú z Eurostatu. Výsledky výskumu boli pripravené pre celú Európsku úniu (EÚ-28) a rozdelené na „staré“ krajiny (EÚ-15) a „nové“ krajiny (EÚ-13). Výsledky boli vypracované metódou hodnotenia konvergencie (z hľadiska rozdielov v produktivite pôdy v jednotlivých krajinách) pomocou variačného koeficientu a relatívneho indexu zmien v jednotlivých členských štátoch vo vzťahu k priemeru EÚ za sledované obdobie. 
610 2 0 |a poľnohospodárstvo 
610 2 0 |a dotácie 
610 2 0 |a trh 
610 2 0 |a Európska únia 
610 2 0 |a pôda 
610 2 0 |a produktivita 
100 1 |a Kutkowska, Barbara 
700 1 |a Szuk, Tomasz 
700 1 |a Minta, Stanislaw 
700 1 |a Adamska, Hanna